000 00360nam a2200133Ia 4500
008 210210b1999 xxu||||| |||| 00| 0 eng d
082 _a025.04 AMBC
100 _aAMBA (Sanjeevi) and RAGHAVAN (K S)
245 _aCDS/ISIS: a primer.
260 _aNew Delhi.
_bEss Ess Publications.
_c1999
300 _aviii,173
690 _aLibrary Science
906 _a054106
999 _c102235
_d102235